000 00622nam a2200241Ia 4500
003 OSt
005 20220918185007.0
006 a|||||r|||| 00| 0
007 ta
008 220917b |||||||| |||| 00| 0 eng d
024 _a49,151
037 _cTextual
040 _aARTS
_cARTS
_beng
041 _2eng
_aeng
082 _aP:4, N0
100 _aVanderveken Daniel
_954155
245 0 _aMeaning and speech acts
260 _aCambridge
_bCUP
_c1990
500 _aBib 232-36p; Inlcudes index
650 _aLINGUISTICS
942 _hP:4, N0
_cTEXL
_2CC
999 _c178777
_d178777